|
|
|
|
| LEADER |
00728cam a2200229 a 4500 |
| 001 |
0000092458 |
| 005 |
20090701090000.0 |
| 040 |
|
|
|a mod
|
| 041 |
|
|
|a eng
|
| 020 |
0 |
0 |
|a 0330486055
|
| 090 |
0 |
0 |
|a 956.70442092
|b CLA
|e 2001
|
| 100 |
1 |
0 |
|a Tom
|h Clancy
|
| 245 |
0 |
0 |
|a Every man a tiger
|c by Tom Clancy, with Chuck Horner
|
| 260 |
0 |
0 |
|a Oxford
|b Pan Books
|c 2001
|
| 300 |
0 |
0 |
|a 564 p.
|b 18 cm
|
| 600 |
0 |
0 |
|a Horner, Chuck, 1936-
|
| 651 |
0 |
0 |
|a Persian Gulf War, 1991
|x Aerial operations, American.
|
| 651 |
0 |
0 |
|a Persian Gulf War, 1991
|x Biography.
|
| 651 |
0 |
0 |
|a Persian Gulf War, 1991
|z United States.
|
| 700 |
0 |
0 |
|a Horner, Chuck, 1936-
|
| 852 |
0 |
0 |
|a 01
|
| 999 |
|
|
|a H100000424
|b Maktab Pertahanan Angkatan Tentera
|d BOOKS
|e Umum
|f MPAT
|j AVAILABLE
|q GOOD CONDITION
|